Entry Personal Name
Number of records used in: 1
001 - CONTROL NUMBER
003 - CONTROL NUMBER IDENTIFIER
005 - DATE AND TIME OF LATEST TRANSACTION
- control field:
20191223102238.0
008 - FIXED-LENGTH DATA ELEMENTS
- fixed length control field:
930521nn acannaabn |b aaa
010 ## - LIBRARY OF CONGRESS CONTROL NUMBER
- LC control number:
n 93048212
035 ## - SYSTEM CONTROL NUMBER
- System control number:
(OCoLC)oca03376584
040 ## - CATALOGING SOURCE
- Original cataloging agency:
DLC
- Language of cataloging:
eng
- Transcribing agency:
DLC
- Modifying agency:
DLC
- Modifying agency:
OCoLC
- Modifying agency:
DLC-R
- Modifying agency:
OCoLC
100 1# - HEADING--PERSONAL NAME
- Personal name:
Chang, Ha-Joon
400 1# - SEE FROM TRACING--PERSONAL NAME
- Personal name:
Chang, Ha-jun
400 1# - SEE FROM TRACING--PERSONAL NAME
400 1# - SEE FROM TRACING--PERSONAL NAME
670 ## - SOURCE DATA FOUND
- Source citation:
His The political economy of industrial policy, 1994:
- Information found:
CIP t.p. (Ha-Joon Chang, Asst. Dir. of Dev. studies., Univ. of Cambridge)
670 ## - SOURCE DATA FOUND
- Source citation:
Institutions and the role of the state, 2000:
- Information found:
CIP t.p. (Ha-Joon Chang, University of Cambridge) data sheet (b. 12-07-63)
670 ## - SOURCE DATA FOUND
- Source citation:
Chusik hoesa Hanʼuk ŭi kujo chojŏng, 2004:
- Information found:
t.p. (Chang Ha-jun) copyright p. (Ha-Joon Chang [in rom.])